<?xml version="1.0" encoding="UTF-8"?>
<record
    xmlns:xsi="http://www.w3.org/2001/XMLSchema-instance"
    xsi:schemaLocation="http://www.loc.gov/MARC21/slim http://www.loc.gov/standards/marcxml/schema/MARC21slim.xsd"
    xmlns="http://www.loc.gov/MARC21/slim">

  <leader>01428nam0a2200337   4500</leader>
  <controlfield tag="001">RU\NLR\BIBL_A\022442871</controlfield>
  <controlfield tag="005">20250430133028.0</controlfield>
  <datafield tag="010" ind1=" " ind2=" ">
    <subfield code="a">978-5-9222-1747-7</subfield>
    <subfield code="9">500</subfield>
  </datafield>
  <datafield tag="021" ind1=" " ind2=" ">
    <subfield code="a">RU</subfield>
    <subfield code="b">&#x41A;&#x41D;-&#x41F;-24-078294</subfield>
    <subfield code="9">&#x41A;&#x41D;-&#x41F;-24-7823</subfield>
  </datafield>
  <datafield tag="035" ind1=" " ind2=" ">
    <subfield code="a">(NLR Aleph) 022442871</subfield>
  </datafield>
  <datafield tag="090" ind1=" " ind2=" ">
    <subfield code="a">13353569</subfield>
    <subfield code="c">13353569</subfield>
  </datafield>
  <datafield tag="100" ind1=" " ind2=" ">
    <subfield code="a">20250203d2023    u  y0rusy50      ca</subfield>
  </datafield>
  <datafield tag="101" ind1="0" ind2=" ">
    <subfield code="a">rus</subfield>
    <subfield code="a">und</subfield>
  </datafield>
  <datafield tag="102" ind1=" " ind2=" ">
    <subfield code="a">RU</subfield>
  </datafield>
  <datafield tag="105" ind1=" " ind2=" ">
    <subfield code="a">a   eg  000yy</subfield>
  </datafield>
  <datafield tag="181" ind1=" " ind2="0">
    <subfield code="a">i3</subfield>
    <subfield code="b">axxe  </subfield>
  </datafield>
  <datafield tag="182" ind1=" " ind2="0">
    <subfield code="a">n</subfield>
  </datafield>
  <datafield tag="200" ind1="1" ind2=" ">
    <subfield code="a">&#x421;&#x43B;&#x43E;&#x432;&#x43D;&#x438;&#x43A; &#x43B;&#x438;&#x447;&#x43D;&#x44B;&#x445; &#x438;&#x43C;&#x435;&#x43D; &#x436;&#x438;&#x442;&#x435;&#x43B;&#x435;&#x439; &#x431;&#x443;&#x445;&#x430;&#x440;&#x441;&#x43A;&#x438;&#x445; &#x432;&#x43E;&#x43B;&#x43E;&#x441;&#x442;&#x435;&#x439; &#x422;&#x43E;&#x431;&#x43E;&#x43B;&#x44C;&#x441;&#x43A;&#x43E;&#x439; &#x433;&#x443;&#x431;&#x435;&#x440;&#x43D;&#x438;&#x438; XIX - &#x43D;&#x430;&#x447;&#x430;&#x43B;&#x430; XX &#x432;&#x435;&#x43A;&#x430;</subfield>
    <subfield code="e">[&#x441;&#x43E;&#x441;&#x442;.: &#x413;. &#x427;. &#x424;&#x430;&#x439;&#x437;&#x443;&#x43B;&#x43B;&#x438;&#x43D;&#x430; &#x438; &#x434;&#x440;.]</subfield>
  </datafield>
  <datafield tag="203" ind1=" " ind2=" ">
    <subfield code="a">&#x422;&#x435;&#x43A;&#x441;&#x442;</subfield>
    <subfield code="b">&#x432;&#x438;&#x437;&#x443;&#x430;&#x43B;&#x44C;&#x43D;&#x44B;&#x439;</subfield>
    <subfield code="c">&#x43D;&#x435;&#x43F;&#x43E;&#x441;&#x440;&#x435;&#x434;&#x441;&#x442;&#x432;&#x435;&#x43D;&#x43D;&#x44B;&#x439;</subfield>
  </datafield>
  <datafield tag="210" ind1=" " ind2=" ">
    <subfield code="a">&#x41A;&#x430;&#x437;&#x430;&#x43D;&#x44C;</subfield>
    <subfield code="c">&#x41E;&#x442;&#x435;&#x447;&#x435;&#x441;&#x442;&#x432;&#x43E;</subfield>
    <subfield code="d">2023</subfield>
  </datafield>
  <datafield tag="215" ind1=" " ind2=" ">
    <subfield code="a">59, [1] &#x441;.</subfield>
    <subfield code="c">&#x442;&#x430;&#x431;&#x43B;.</subfield>
    <subfield code="d">21</subfield>
  </datafield>
  <datafield tag="606" ind1="1" ind2=" ">
    <subfield code="a">&#x422;&#x430;&#x442;&#x430;&#x440;&#x441;&#x43A;&#x438;&#x439; &#x44F;&#x437;&#x44B;&#x43A;</subfield>
    <subfield code="x">&#x421;&#x43B;&#x43E;&#x432;&#x430;&#x440;&#x438; &#x441;&#x43E;&#x431;&#x441;&#x442;&#x432;&#x435;&#x43D;&#x43D;&#x44B;&#x445; &#x438;&#x43C;&#x435;&#x43D;</subfield>
    <subfield code="x">&#x420;&#x443;&#x441;&#x441;&#x43A;&#x438;&#x439; &#x44F;&#x437;&#x44B;&#x43A;</subfield>
    <subfield code="2">nlr_sh2</subfield>
    <subfield code="3">RU\NLR\AUTH\661474507</subfield>
  </datafield>
  <datafield tag="606" ind1="1" ind2=" ">
    <subfield code="a">&#x422;&#x430;&#x442;&#x430;&#x440;&#x441;&#x43A;&#x438;&#x439; &#x44F;&#x437;&#x44B;&#x43A;</subfield>
    <subfield code="x">&#x418;&#x441;&#x442;&#x43E;&#x440;&#x438;&#x447;&#x435;&#x441;&#x43A;&#x430;&#x44F; &#x430;&#x43D;&#x442;&#x440;&#x43E;&#x43F;&#x43E;&#x43D;&#x438;&#x43C;&#x438;&#x43A;&#x430;</subfield>
    <subfield code="j">&#x421;&#x43B;&#x43E;&#x432;&#x430;&#x440;&#x438;</subfield>
    <subfield code="2">nlr_sh2</subfield>
    <subfield code="3">RU\NLR\AUTH\6601617551</subfield>
  </datafield>
  <datafield tag="686" ind1="1" ind2=" ">
    <subfield code="a">&#x428;163.23-424</subfield>
  </datafield>
  <datafield tag="686" ind1="1" ind2=" ">
    <subfield code="a">&#x428;141.12-424</subfield>
  </datafield>
  <datafield tag="702" ind1=" " ind2="1">
    <subfield code="a">&#x424;&#x430;&#x439;&#x437;&#x443;&#x43B;&#x43B;&#x438;&#x43D;&#x430;</subfield>
    <subfield code="b">&#x413;. &#x427;.</subfield>
    <subfield code="g">&#x413;&#x443;&#x437;&#x435;&#x43B;&#x44C; &#x427;&#x430;&#x445;&#x432;&#x430;&#x440;&#x43E;&#x432;&#x43D;&#x430;</subfield>
    <subfield code="4">220</subfield>
  </datafield>
  <datafield tag="942" ind1=" " ind2=" ">
    <subfield code="c">BOOK</subfield>
  </datafield>
  <datafield tag="980" ind1=" " ind2=" ">
    <subfield code="a">NB</subfield>
  </datafield>
  <datafield tag="995" ind1=" " ind2=" ">
    <subfield code="5">2025-02-03</subfield>
    <subfield code="a">ad</subfield>
    <subfield code="b">NLR01</subfield>
    <subfield code="c">NLR01</subfield>
    <subfield code="e">ONL</subfield>
    <subfield code="f">1-4824492</subfield>
    <subfield code="k">&#x41E;&#x41D;&#x41B; &#x422;&#x430;&#x442;&#x430;&#x440;./2-13227</subfield>
    <subfield code="o">4</subfield>
    <subfield code="r">BOOK</subfield>
    <subfield code="s">_213227</subfield>
  </datafield>
  <datafield tag="995" ind1=" " ind2=" ">
    <subfield code="5">2025-02-03</subfield>
    <subfield code="a">ad</subfield>
    <subfield code="b">NLR01</subfield>
    <subfield code="c">NLR01</subfield>
    <subfield code="e">OBM</subfield>
    <subfield code="f">1-4824491</subfield>
    <subfield code="o">0</subfield>
    <subfield code="r">BOOK</subfield>
  </datafield>
</record>
